Older Americans Act : FY2008 Funding and FY2009 Funding Proposals.

Discusses FY2008 funding and FY2009 budget request for social service, nutrition, and other programs provided to assist the elderly under the Older Americans Act.

Bibliographic Details
Corporate Authors: Library of Congress. Congressional Research Service, ProQuest (Firm)
Format: eBook
Language:English
Published: [Place of publication not identified] : [publisher not identified], 2008.
Series:U.S. Congressional Research.
Subjects:
Online Access:Connect to the full text of this electronic book

MARC

Tag First Indicator Second Indicator Subfields
LEADER 00000cam a22000001a 4500
001 in00003405621
006 m d f
007 cr bn mmmapmmp
008 101221s2008 dcu o f000 0 eng d
005 20260501143214.1
035 |a cis2007866974 
040 |a ProQuest  |c ProQuest  |d UtOrBLW 
043 |a n-us--- 
099 |a CRS-2008-KSG-0118 
110 2 |a Library of Congress.  |b Congressional Research Service. 
245 1 0 |a Older Americans Act :  |b FY2008 Funding and FY2009 Funding Proposals. 
264 1 |a [Place of publication not identified] :  |b [publisher not identified],  |c 2008. 
300 |a 1 online resource. 
336 |a text  |b txt  |2 rdacontent 
337 |a computer  |b c  |2 rdamedia 
338 |a online resource  |b cr  |2 rdacarrier 
500 |a Record is based on bibliographic data in ProQuest U.S. Congressional Research Digital Collection (last viewed Dec. 2010). Reuse except for individual research requires license from ProQuest, LLC. 
500 |a CRS Report. 
520 |a Discusses FY2008 funding and FY2009 budget request for social service, nutrition, and other programs provided to assist the elderly under the Older Americans Act. 
500 |a Electronic resource. 
650 0 |a Nutrition. 
650 0 |a Aging. 
650 0 |a Public welfare. 
655 7 |a Electronic books.  |2 local 
710 2 |a ProQuest (Firm) 
776 0 8 |i Microfiche version:   |a Library of Congress. Congressional Research Service.  |t Older Americans Act 
830 0 |a U.S. Congressional Research. 
856 4 0 |u http://proxy.library.tamu.edu/login?url=https://congressional.proquest.com/congcomp/getdoc?CRDC-ID=CRS-2008-KSG-0118  |z Connect to the full text of this electronic book  |t 0 
999 |a MARS 
999 f f |s 9427cf50-88ab-3e43-806a-4e2810d33711  |i f065a1f6-4e9a-35fd-8e9f-f39269500908  |t 0 
952 f f |a Texas A&M University  |b College Station  |c Electronic Resources  |s www_evans  |d Available Online  |t 0  |e CRS-2008-KSG-0118  |h Other scheme 
998 f f |a CRS-2008-KSG-0118  |t 0  |l Available Online